Contenidos de CD, CU y ZN en Rhizophora Mangle y Avicennia germinans de la Ciénaga Grande de Santa Marta y bahía de Chengue, Costa Caribe colombiana (Registro nro. 14051)

Detalles MARC
000 -CABECERA
Campo de control 005110000a22001210004500
090 ## - CLASIFICACIÓN LOCAL
Colección AS
Consecutivo Seriadas
041 0# - IDIOMA
Código de idioma para texto/pista de sonido o título separado
100 1# - ASIENTO PRINCIPAL--NOMBRE PERSONAL
Nombre personal Campos, Néstor Hernando
245 10 - MENCION DE TITULO
Título Contenidos de CD, CU y ZN en Rhizophora Mangle y Avicennia germinans de la Ciénaga Grande de Santa Marta y bahía de Chengue, Costa Caribe colombiana
700 1# - ASIENTO SECUNDARIO - NOMBRE PERSONAL
Nombre personal Gallo, María Cristina
773 1# - Item fuente:
Título Revista de la Academia Colombiana de Ciencias Exactas, Fisicas y Naturales
Especificación de materiales 32
Descripción física 79
Paginas del Articulo 73-90
Lugar, editorial y fecha de publicación 1997
Información sobre la relación 21
942 ## - ELEMENTOS ADICIONALES (KOHA)
Tipo de ítem Artículo

No hay ítems disponibles.